000
00255nam a2200085Ia 4500
245
0
_a
Chicken production : broilers
100
_a
Cilliers, Jean A. Maanhaarrand, South Africa, 2009
_9
85969
942
_c
BK
008
210817s9999 xx 000 0 und d
999
_c
324462
_d
324461